书目信息 |
| 题名: |
支挡结构设计计算手册
|
|
| 作者: | 朱彦鹏 , 王秀丽 , 周勇 编著 | |
| 分册: | ||
| 出版信息: | 北京 中国建筑工业出版社 2008.04 |
|
| 页数: | 686页 | |
| 开本: | 26cm | |
| 丛书名: | ||
| 单 册: | ||
| 中图分类: | TU361.04 | |
| 科图分类: | ||
| 主题词: | 挡土墙--dang tu qiang--支撑--结构设计 | |
| 电子资源: | ||
| ISBN: | 978-7-112-09088-4 | |
| 000 | 01307nam0 2200265 450 | |
| 001 | 012008926047 | |
| 005 | 20080611151631.98 | |
| 010 | @a978-7-112-09088-4@dCNY89.00 | |
| 100 | @a20080611d2008 em y0chiy0120 ea | |
| 101 | 0 | @achi |
| 102 | @aCN@b110000 | |
| 105 | @aa a 000yy | |
| 106 | @ar | |
| 200 | 1 | @a支挡结构设计计算手册@Azhi dang jie gou she ji ji suan shou ce@f朱彦鹏, 王秀丽, 周勇编著@Fzhu yan peng,wang xiu li,zhou yong bian zhu |
| 210 | @a北京@c中国建筑工业出版社@d2008.04 | |
| 215 | @a686页@c图@d26cm | |
| 320 | @a有书目 (第683-686页) | |
| 330 | @a本书内容包括挡土墙、土钉墙和框架预应力锚杆挡墙等内容。挡土墙部分包括土压力计算、挡土墙设计计算方法,重力式挡土墙设计计算图表,主要给出了俯斜视、仰斜式和直立式挡土墙的设计构造及不同参数下的设计计算图表,悬臂式挡土墙设计计算图表,扶壁式挡土墙设计计算图表;土钉墙部分包括土钉墙的概念、承载力、稳定性和优化设计方法,常用高度的土钉墙在不同参数下的设计计算图表;框架预应力锚杆部分包括基本概念、承载力和稳定性计算及常用高度的框架预应力锚杆挡墙在不同参数下的设计计算图表。 | |
| 606 | 0 | @a挡土墙@Adang tu qiang@x支撑@x结构设计 |
| 690 | @aTU361.04@v4 | |
| 701 | 0 | @a朱彦鹏@Azhu yan peng@4编著 |
| 701 | 0 | @a王秀丽@Awang xiu li@4编著 |
| 701 | 0 | @a周勇@Azhou yong@4编著 |
| 801 | 0 | @aCN@bQSSK@c20080611 |
| 905 | @b725828-30@dTU361.04@eZ894@f3 | |
| 支挡结构设计计算手册/朱彦鹏, 王秀丽, 周勇编著.-北京:中国建筑工业出版社,2008.04 |
| 686页:图;26cm |
| ISBN 978-7-112-09088-4:CNY89.00 |
| 本书内容包括挡土墙、土钉墙和框架预应力锚杆挡墙等内容。挡土墙部分包括土压力计算、挡土墙设计计算方法,重力式挡土墙设计计算图表,主要给出了俯斜视、仰斜式和直立式挡土墙的设计构造及不同参数下的设计计算图表,悬臂式挡土墙设计计算图表,扶壁式挡土墙设计计算图表;土钉墙部分包括土钉墙的概念、承载力、稳定性和优化设计方法,常用高度的土钉墙在不同参数下的设计计算图表;框架预应力锚杆部分包括基本概念、承载力和稳定性计算及常用高度的框架预应力锚杆挡墙在不同参数下的设计计算图表。 |
| ● |
| 相关链接 |
|
|
|
正题名:支挡结构设计计算手册
索取号:TU361.04/Z894
 
预约/预借
| 序号 | 登录号 | 条形码 | 馆藏地/架位号 | 状态 | 备注 |
| 1 | 725828 | 207258288 | 建筑库101/101建筑库 84排2列5层/ [索取号:TU361.04/Z894] | 在馆 | |
| 2 | 725829 | 207258297 | 建筑库101/101建筑库 84排2列5层/ [索取号:TU361.04/Z894] | 在馆 | |
| 3 | 725830 | 207258304 | 建筑库101/101建筑库 84排2列5层/ [索取号:TU361.04/Z894] | 在馆 |